Reprezentanci Francji! - Statystyki

Ogólne statystyki
  • Ten quiz został rozwiązany 87 razy
  • Średni wynik to 38 z 119
Statystyki odpowiedzi
Pozycja Obecny klub Zawodnik % Poprawnych
Bramkarz Tottenham Lloris
94%
Napastnik PSG Mbappe
90%
Napastnik Barcelona Griezmann
84%
Napastnik Real Madryt Benzema
83%
Obrońca Real Madryt Varane
82%
Napastnik Chelsea Giroud
79%
Pomocnik Manchester United Pogba
79%
Obrońca Barcelona Umtiti
78%
Napastnik Bayern Monachium Coman
77%
Obrońca Bayern Monachium Pavard
77%
Pomocnik Chelsea Kante
75%
Napastnik Barcelona Dembele
74%
Obrońca Bayern Monachium Hernandez
74%
Bramkarz OM Mandanda
73%
Obrońca Manchester City | Real Madryt Mendy
69%
Obrońca PSG Kimpembe
64%
Obrońca Barcelona Lenglet
61%
Napastnik Borussia M Thuram
61%
Napastnik - Henry
60%
Obrońca Lipsk Upamecano
60%
Napastnik Fiorentina Ribery
58%
Pomocnik Real Betis Fekir
57%
Napastnik Manchester United Martial
57%
Napastnik OM Payet
57%
Napastnik Arsenal Lacazette
56%
Pomocnik Atletico Madryt Lemar
56%
Pomocnik Bayern Monachium Tolisso
56%
Bramkarz Fulham Areola
55%
Pomocnik Inter Miami Matuidi
55%
Napastnik Tigres UANL Gignac
51%
Obrońca Sevilla Kounde
51%
Pomocnik Juventus Rabiot
51%
Obrońca Bordeaux Koscielny
49%
Pomocnik Tottenham Sissoko
49%
Pomocnik Tottenham Ndombele
48%
Obrońca Chelsea Zouma
45%
Pomocnik Olympiakos Valbuena
44%
Bramkarz Lille Maignan
43%
Napastnik Monaco Ben Yedder
42%
Obrońca Everton Digne
40%
Obrońca - Evra
40%
Pomocnik Rennes Camavinga
39%
Napastnik Borussia M Plea
39%
Napastnik Valencia Gameiro
34%
Obrońca Boavista Rami
32%
Obrońca - Sagna
32%
Napastnik OM Thauvin
32%
Pomocnik Napoli Bakayoko
29%
Obrońca Crystal Palace Sakho
29%
Obrońca Saint-Etienne Debuchy
27%
Obrońca PSG Kurzawa
27%
Bramkarz Monaco Lecomte
27%
Napastnik - Malouda
27%
Pomocnik Bez klubu Nasri
27%
Obrońca - Abidal
26%
Obrońca Servette Clichy
25%
Pomocnik - Diaby
25%
Pomocnik - Diarra
25%
Obrońca - Gallas
25%
Pomocnik Atletico Madryt Kondogbia
25%
Pomocnik Rennes Nzonzi
25%
Napastnik - Anelka
23%
Obrońca Monaco Sidibe
23%
Pomocnik OL Aouar
22%
Napastnik Al Hilal Gomis
22%
Napastnik Rizespor Remy
21%
Bramkarz - Ruffier
21%
Pomocnik - Cabaye
19%
Obrońca - Mathieu
19%
Napastnik Panathinaikos Chicago Cisse
18%
Pomocnik Bordeaux Ben Arfa
17%
Pomocnik Hertha Guendouzi
17%
Obrońca OL Dubois
16%
Obrońca Valencia Mangala
16%
Obrońca - Mexes
16%
Bramkarz Bordeaux Costil
14%
Napastnik - Govou
14%
Pomocnik - Toulalan
14%
Pomocnik Villarreal Capoue
13%
Pomocnik Wolfsburg Guilavogui
13%
Napastnik Regiina Menez
13%
Pomocnik Olympiakos M'Vila
13%
Pomocnik Nicea Schneiderlin
13%
Pomocnik Krasnodar Cabella
12%
Napastnik Lille Ikone
12%
Napastnik - Saha
12%
Pomocnik AFC Blois 1995 Cissokho
10%
Obrońca - Perrin
10%
Obrońca OM Amavi
9%
Bramkarz - Carrasso
9%
Pomocnik Granada Gonalons
9%
Pomocnik Pauzuje Gourcuff
9%
Obrońca - Jallet
9%
Obrońca Nantes Corchia
8%
Pomocnik Rennes Grenier
8%
Napastnik Sion Hoarau
8%
Bramkarz - Landreau
8%
Pomocnik Chambly Martin
8%
Napastnik Qingdao Alessandrini
6%
Pomocnik - Cheyrou
6%
Napastnik Guingamp Ntep
6%
Obrońca - Reveillere
6%
Obrońca - Boumsong
5%
Napastnik Bordeaux Briand
5%
Napastnik - N'Zogbia
5%
Obrońca - Squillaci
5%
Obrońca Bez klubu Yanga-Mbiwa
5%
Obrońca - Kaboul
4%
Obrońca - Tremoulinas
4%
Napastnik - Amalfitano
3%
Pomocnik Poissy Chantome
3%
Bramkarz - Douchez
3%
Obrońca - Planus
3%
Obrońca - Ciani
1%
Obrońca Bez klubu Fanni
1%
Pomocnik - Mavuba
1%
Obrońca - Escude
0%
Nie znaleziono quizów pasujących do podanych kryteriów
Rozkład punktacji
Procent ludzi z każdym wynikiem
Percentyl według liczby udzielonych odpowiedzi
Twoja historia wyników
Nie rozwiązałeś tego quizu